000 00862nam a2200253Ia 4500
003 OSt
005 20221005112805.0
006 a|||||r|||| 00| 0
007 ta
008 221004b |||||||| |||| 00| 0 pan d
020 _a8182991188 (hbk)
_c95
024 _a94467
037 _b72861, 31/12/2008, Arsee Publishers
_cTextual
040 _aCRL
_cCRL
_bpan
041 _2pan
_apan
082 _aO153,3N291x, P8
100 _aਕੰਵਲ, ਜਸਵੰਤ ਸਿੰਘ
245 0 _aਰੂਪ ਦੇ ਰਾਖੇ
260 _aਦਿੱਲੀ
_bਆਰਸੀ ਪਬਲਿਰਗ਼ ਭਾਰਤ
_c2008
300 _a80ਪੰ
_ccm.
650 _aਪੰਜਾਬੀ ਸਾਹਿਤ
942 _hO153,3N291x, P8
_cTEXL
_2cc
999 _c1025975
_d1025975